[Event "NCA-ch Fase 2"]
[Site "Managua"]
[Date "2022.01.30"]
[Round "5"]
[White "Cantero Turcios, Randy Jose"]
[Black "Loaisiga, Octavio"]
[Result "0-1"]
[WhiteElo "1340"]
[BlackElo "1725"]
[PlyCount "106"]
[EventDate "2022.01.22"]
[EventType "swiss"]
[EventRounds "9"]
[EventCountry "NCA"]
[SourceTitle "CBM 207 Extra"]
[Source "ChessBase"]
[SourceDate "2022.05.31"]
[SourceVersion "1"]
[SourceVersionDate "2022.05.31"]
[SourceQuality "1"]

1. e4 c5 2. d4 cxd4 3. c3 d3 4. Bxd3 d6 5. Ne2 Nf6 6. 0-0 e6 7. Nf4 Be7 8. Nd2 0-0 9. Nf3 Nc6 10. Re1 Qc7 11. b3 Rd8 12. Qc2 Bd7 13. Bb2 Rac8 14. Rac1 Qb6 15. Qb1 a5 16. e5 dxe5 17. Nxe5 Nxe5 18. Rxe5 Bd6 19. c4 Bxe5 20. Bxe5 Ng4 21. Qb2 Nxe5 22. Qxe5 Qc5 23. Qe4 Qf5 24. Qf3 Qg5 25. Re1 Bc6 26. Qe3 Rxd3 27. Qxd3 Qxf4 28. Rd1 Qg5 29. f3 h6 30. Kf2 h5 31. a4 h4 32. Rd2 Qf4 33. h3 Qg3+ 34. Kf1 e5 35. Qf5 Re8 36. Rf2 Qf4 37. Qxf4 exf4 38. Re2 Rxe2 39. Kxe2 Kf8 40. Kd3 Ke7 41. Kd4 Kd6 42. Kc3 f5 43. Kd4 g5 44. c5+ Ke6 45. Kc4 Ke5 46. b4 axb4 47. Kxb4 Kd4 48. a5 Kd5 49. a6 bxa6 50. Ka5 Kxc5 51. Kxa6 g4 52. hxg4 fxg4 53. fxg4 Bxg2 0-1

[Event "NCA-chT fase1"]
[Site "Managua"]
[Date "2019.10.13"]
[Round "8.1"]
[White "Loaisiga, Octavio"]
[Black "Fonseca Cabrera, Ernesto Gregorio"]
[Result "0-1"]
[WhiteElo "1757"]
[BlackElo "2200"]
[PlyCount "43"]
[EventDate "2019.09.28"]
[EventType "team-swiss"]
[EventRounds "9"]
[EventCountry "NCA"]
[SourceTitle "CBM 194 Extra"]
[Source "ChessBase"]
[SourceDate "2020.03.31"]
[SourceVersion "1"]
[SourceVersionDate "2020.03.31"]
[SourceQuality "1"]
[WhiteTeam "Leon Santiago de los Caballeros"]
[BlackTeam "Soldados del Amor"]
[WhiteTeamCountry "NCA"]
[BlackTeamCountry "NCA"]

1. e4 c5 2. Nf3 Nc6 3. d4 cxd4 4. Nxd4 g6 5. c4 Nf6 6. Nc3 Nxd4 7. Qxd4 d6 8. Be2 Bg7 9. 0-0 0-0 10. h3 Be6 11. Bg5 Nd5 12. Qd2 Nxc3 13. bxc3 Rc8 14. Rab1 b6 15. Bh6 Bxh6 16. Qxh6 Bxc4 17. Bxc4 Rxc4 18. Rfe1 Rxc3 19. e5 dxe5 20. Rb4 f6 21. h4 Rc2 22. Rg4 0-1

[Event "NCA-chT final"]
[Site "Managua"]
[Date "2018.11.18"]
[Round "10.2"]
[White "Loaisiga, Octavio"]
[Black "Morales, Alvaro Antonio"]
[Result "0-1"]
[WhiteElo "1778"]
[BlackElo "1994"]
[PlyCount "74"]
[EventDate "2018.10.27"]
[EventType "team-tourn"]
[EventRounds "11"]
[EventCountry "NCA"]
[SourceTitle "EXT 2020"]
[Source "ChessBase"]
[SourceDate "2019.10.17"]
[SourceVersion "1"]
[SourceVersionDate "2019.10.17"]
[SourceQuality "1"]

1. e4 c5 2. Nf3 Nc6 3. d4 cxd4 4. Nxd4 g6 5. c4 Bg7 6. Be3 Nf6 7. Nc3 0-0 8. Be2 d6 9. 0-0 Bd7 10. Rc1 Nxd4 11. Bxd4 Bc6 12. Bd3 a5 13. f4 a4 14. f5 Nd7 15. Bxg7 Kxg7 16. Kh1 Ne5 17. Be2 Qb6 18. Nd5 Bxd5 19. cxd5 f6 20. Qd2 Rfc8 21. Rc3 Qb4 22. Qc2 Rxc3 23. bxc3 Rc8 24. Rc1 Qa3 25. h3 Rc5 26. fxg6 hxg6 27. Kh2 b5 28. Rb1 Rxc3 29. Qb2 Qxb2 30. Rxb2 a3 31. Rxb5 Rc2 32. Bd1 Rxa2 33. Ra5 Ra1 34. Bb3 Nd3 35. Ra7 Kf7 36. Kg3 Nc5 37. Bc2 Rc1 0-1

[Event "NCA-chT final"]
[Site "Managua"]
[Date "2018.11.11"]
[Round "9.2"]
[White "Davila, Carlos"]
[Black "Loaisiga, Octavio"]
[Result "1-0"]
[WhiteElo "2254"]
[BlackElo "1778"]
[PlyCount "61"]
[EventDate "2018.10.27"]
[EventType "team-tourn"]
[EventRounds "11"]
[EventCountry "NCA"]
[SourceTitle "EXT 2020"]
[Source "ChessBase"]
[SourceDate "2019.10.17"]
[SourceVersion "1"]
[SourceVersionDate "2019.10.17"]
[SourceQuality "1"]

1. e4 c5 2. Nf3 e6 3. d4 cxd4 4. Nxd4 Nf6 5. Nc3 d6 6. g4 Nc6 7. g5 Nd7 8. Rg1 a6 9. Be3 Nxd4 10. Bxd4 b5 11. a3 Bb7 12. Qh5 e5 13. Be3 Qa5 14. 0-0-0 Rc8 15. Nd5 Bxd5 16. Rxd5 Nc5 17. Bh3 g6 18. Qd1 Ne6 19. f4 exf4 20. Bd4 Rg8 21. Bf6 Qb6 22. Re1 Be7 23. e5 dxe5 24. Rexe5 Rd8 25. Rxd8+ Bxd8 26. Bg2 Bc7 27. Re1 Kf8 28. Qd7 Qd6 29. Qc8+ Bd8 30. Rd1 Qc7 31. Rxd8+ 1-0

[Event "NCA-chT final"]
[Site "Managua"]
[Date "2018.11.11"]
[Round "8.2"]
[White "Loaisiga, Octavio"]
[Black "Sanchez, Ramon"]
[Result "0-1"]
[WhiteElo "1778"]
[BlackElo "1981"]
[PlyCount "94"]
[EventDate "2018.10.27"]
[EventType "team-tourn"]
[EventRounds "11"]
[EventCountry "NCA"]
[SourceTitle "EXT 2020"]
[Source "ChessBase"]
[SourceDate "2019.10.17"]
[SourceVersion "1"]
[SourceVersionDate "2019.10.17"]
[SourceQuality "1"]

1. e4 g6 2. d4 Bg7 3. Nf3 d6 4. Bc4 Nf6 5. Nc3 0-0 6. h3 c6 7. 0-0 b5 8. Bd3 Bb7 9. e5 Ne8 10. Ne4 Nd7 11. Neg5 dxe5 12. dxe5 Nxe5 13. Nxe5 Bxe5 14. Nxh7 Kxh7 15. Qh5+ Kg8 16. Qxe5 Qd6 17. Qg5 Qf6 18. Qg4 Bc8 19. Qg3 Ng7 20. Bh6 Re8 21. Bg5 Qxb2 22. Rae1 Bf5 23. Rxe7 Bxd3 24. cxd3 Rxe7 25. Bxe7 Nf5 26. Qg5 Nxe7 27. Qxe7 Qxa2 28. Re1 Qd5 29. Re5 Qxd3 30. h4 Qd8 31. Qb4 Qd1+ 32. Kh2 Rd8 33. g3 Qd4 34. Qe1 Kg7 35. h5 Rh8 36. Kg1 Rxh5 37. Rxh5 gxh5 38. Qe2 b4 39. Qxh5 b3 40. Qg5+ Kf8 41. Qh6+ Ke7 42. Qxc6 b2 43. Qc7+ Kf6 44. Qc2 a5 45. Kf1 a4 46. g4 Qe5 47. g5+ Kg7 0-1

[Event "NCA-ch sf"]
[Site "Managua"]
[Date "2018.02.25"]
[Round "8"]
[White "Loaisiga, Octavio"]
[Black "Salgado, Wilbert"]
[Result "1-0"]
[WhiteElo "1815"]
[BlackElo "1635"]
[PlyCount "37"]
[EventDate "2018.02.10"]
[EventType "swiss"]
[EventRounds "9"]
[EventCountry "NCA"]
[SourceTitle "CBM 183 Extra"]
[Source "ChessBase"]
[SourceDate "2018.04.19"]
[SourceVersion "1"]
[SourceVersionDate "2018.04.19"]
[SourceQuality "1"]

1. e4 e6 2. d4 d5 3. Nd2 Nf6 4. e5 Nfd7 5. Bd3 c5 6. c3 Qb6 7. Ne2 Nc6 8. Nf3 Be7 9. 0-0 0-0 10. Nf4 Re8 11. Nh5 f5 12. exf6 Nxf6 13. Nxf6+ Bxf6 14. Ng5 g6 15. Nxh7 Kxh7 16. Qh5+ Kg8 17. Qxg6+ Bg7 18. Qxe8+ Bf8 19. Bh6 1-0

[Event "NCA-ch sf"]
[Site "Managua"]
[Date "2018.02.24"]
[Round "7"]
[White "Arevalo Lopez, Josue"]
[Black "Loaisiga, Octavio"]
[Result "1-0"]
[WhiteElo "1978"]
[BlackElo "1815"]
[PlyCount "63"]
[EventDate "2018.02.10"]
[EventType "swiss"]
[EventRounds "9"]
[EventCountry "NCA"]
[SourceTitle "CBM 183 Extra"]
[Source "ChessBase"]
[SourceDate "2018.04.19"]
[SourceVersion "1"]
[SourceVersionDate "2018.04.19"]
[SourceQuality "1"]

1. d4 Nf6 2. Nf3 e6 3. c4 c5 4. d5 exd5 5. cxd5 d6 6. Nc3 g6 7. g3 Bg7 8. Bg2 0-0 9. 0-0 Re8 10. Bf4 a6 11. a4 Qc7 12. Nd2 Nbd7 13. Nc4 Ne5 14. Bxe5 dxe5 15. e4 Bd7 16. Qb3 b5 17. axb5 axb5 18. Nxb5 Bxb5 19. Qxb5 Rab8 20. Qa5 Qd7 21. Rfe1 Bh6 22. Qc3 Qe7 23. Na5 Qc7 24. Nc6 Rb7 25. Ra5 Nd7 26. Rea1 Qb6 27. Ra7 f6 28. R1a6 Qc7 29. Rxb7 Qxb7 30. Ra7 Qc8 31. Qa5 Rf8 32. Ne7+ 1-0

[Event "NCA-ch sf"]
[Site "Managua"]
[Date "2018.02.11"]
[Round "3"]
[White "Loaisiga, Octavio"]
[Black "Vasquez, Jose Luis"]
[Result "0-1"]
[WhiteElo "1815"]
[BlackElo "1831"]
[PlyCount "40"]
[EventDate "2018.02.10"]
[EventType "swiss"]
[EventRounds "9"]
[EventCountry "NCA"]
[SourceTitle "CBM 183 Extra"]
[Source "ChessBase"]
[SourceDate "2018.04.19"]
[SourceVersion "1"]
[SourceVersionDate "2018.04.19"]
[SourceQuality "1"]

1. e4 c5 2. Nf3 g6 3. d4 cxd4 4. Nxd4 Bg7 5. c4 Nc6 6. Be3 d6 7. Be2 Qb6 8. Nb3 Qc7 9. 0-0 Bxb2 10. N1d2 Bxa1 11. Qxa1 Nf6 12. Bh6 Rg8 13. h3 g5 14. Nf3 g4 15. hxg4 Bxg4 16. Bf4 e5 17. Be3 Nxe4 18. Qb1 Nc3 19. Qc2 Nxe2+ 20. Qxe2 e4 0-1

[Event "NCA-chT final"]
[Site "Managua"]
[Date "2017.10.22"]
[Round "2.4"]
[White "Loaisiga, Octavio"]
[Black "Gutierrez, Oscar"]
[Result "1-0"]
[WhiteElo "1802"]
[BlackElo "1993"]
[PlyCount "59"]
[EventDate "2017.10.21"]
[EventType "team-tourn"]
[EventRounds "9"]
[EventCountry "NCA"]
[SourceTitle "CBM 181 Extra"]
[Source "ChessBase"]
[SourceDate "2017.12.12"]
[SourceVersion "1"]
[SourceVersionDate "2017.12.12"]
[SourceQuality "1"]

1. e4 d6 2. d4 g6 3. Nc3 Bg7 4. Bc4 c5 5. Nf3 cxd4 6. Nxd4 Nf6 7. f3 0-0 8. Be3 Nc6 9. Qd2 e6 10. 0-0-0 d5 11. Bb3 Re8 12. Bg5 Nxd4 13. Qxd4 h6 14. Bxf6 Bxf6 15. e5 Bg7 16. h4 a6 17. f4 Bd7 18. Ne4 Rf8 19. Nf6+ Kh8 20. g4 Bb5 21. h5 g5 22. fxg5 hxg5 23. c3 Rc8 24. a4 Bc4 25. Bc2 Bxf6 26. exf6 Qd6 27. Rhe1 Rfe8 28. Re5 b5 29. Rxg5 Qf8 30. Rg7 1-0